Paul Klee en el Museo Nacional de Bellas Artes (Record no. 2693)

MARC details
000 - LÍDER
campo de control de longitud fija 00848nam a2200205Ia 4500
008 - ELEMENTOS DE DATOS DE LONGITUD FIJA - INFORMACIÓN GENERAL
campo de control de longitud fija 000000[1998?] ag az 0000000000spa00
090 ## - NÚMERO DE LLAMADA DE TIPO LC LOCALMENTE ASIGNADO (OCLC)
Número de clasificación (OCLC) (R) PSZ00 B18p
110 1# - ENTRADA PRINCIPAL - NOMBRE CORPORATIVO
Nombre corporativo o nombre de jurisdicción como elemento de entrada Museo Nacional de Bellas Artes. Buenos Aires
245 10 - TÍTULO DECLARACIÓN
Título Paul Klee en el Museo Nacional de Bellas Artes
Declaración de responsabilidad / textos y curaduría Michael Baumbartner, Jorge Glusberg, Josef Helfenstein
260 ## - PUBLICACIÓN, DISTRIBUCIÓN
Lugar de publicación Buenos Aires : Museo Nacional de Bellas Artes
Fecha de publicación 1998
300 ## - DESCRIPCIÓN FÍSICA
Alcance 96 p.
Dimensiones / 30 cm.
500 ## - NOTA GENERAL
Nota general Con el patronazgo del maestro venezolano Jesús Rafael Soto (q.e.p.d.)
600 00 - ENTRADA DE SUJETO AÑADIDO - NOMBRE PERSONAL
Nombre de la persona KLEE, PAUL, 18791940/
Subdivisión general TRABAJOS PICTORICOS
650 14 - ENTRADA DE SUJETO AÑADIDO - TÉRMINO TÓPICO
Término tópico o elemento de entrada del nombre geográfico ARTE CONTEMPORANEO SUIZO
650 14 - ENTRADA DE SUJETO AÑADIDO - TÉRMINO TÓPICO
Término tópico o elemento de entrada del nombre geográfico ARTISTAS PLASTICOS SUIZOS
650 14 - ENTRADA DE SUJETO AÑADIDO - TÉRMINO TÓPICO
Subdivisión general CATALOGOS
650 14 - ENTRADA DE SUJETO AÑADIDO - TÉRMINO TÓPICO
Subdivisión general EXPOSICIONES
650 14 - ENTRADA DE SUJETO AÑADIDO - TÉRMINO TÓPICO
Término tópico o elemento de entrada del nombre geográfico PINTURA SUIZA
700 1# - ENTRADA AGREGADA - NOMBRE PERSONAL
Nombre de la persona Baumgartner, Michael \ Glusberg, Jorge \ Helfenstein, Josef
Holdings
Estado de retirada Pérdida de estatus Estado dañado No para préstamo Código de recogida Ubicación permanente Ubicación actual Ubicación de las estanterías Fecha de adquisición Número de llamada completo Código de barras Fecha de la última vez que se vio Número de copia Precio efectivo desde Tipo de artículo Koha
        General ArtNexus ArtNexus General 06/09/2022 P-SZ-00 B18P 2696 06/09/2022 Ej.1 06/09/2022 Libro

Powered by Koha